Спомени за Рихард Вагнера ; Тристан и Изолда (Запис номер 194477)
[ съкратено ]
| 000 -Лидер | |
|---|---|
| Контролно поле с фиксирана дължина | 01580nam a2200385 a 4500 |
| 003 - Код на организацията, давaща контролен номер | |
| Контролно поле | BLK |
| 005 - Дата и час на последна редакция | |
| Контролно поле | 20240319005411.0 |
| 008 - Елементи от данни с фиксирана дължина | |
| fixed length control field | 180411b bul|||||r ||||||| ||bul|| |
| 010 ## - Наследен системен номер | |
| LC control number | KNG00203708000 |
| 040 ## - Източник на каталожния запис | |
| Идентификатор на билиотеката - собственик на записа | BLK |
| 041 ## - Код за език | |
| Код за езика на текст/звукозапис или на отделно заглавие | Български |
| Код за езика КДБФ | Български |
| 080 ## - УДК | |
| Текстов определител УДК | Музиканти-творци, композитори |
| УДК код - определител по УДК | 78.071.1 |
| УДК определител | (430)(092) |
| УДК - код + определител | 78.071.1(430)(092) |
| 100 1# - Редна дума - Автор | |
| Автор | Шюре, Едуард |
| Авторска отговорност | първи автор |
| R(LIN) | 346650 |
| 139 ## - Редно поле | |
| Редна дума | Шюре, Едуард |
| Авторски знак | Шю - Ш 99 |
| 245 10 - Сведения за заглавието | |
| Заглавие | Спомени за Рихард Вагнера ; Тристан и Изолда |
| Подзаглавни данни | |
| Редно поле (дума) | Едуард Шюре ; прев. Никола Абаджиев. |
| 257 ## - Страна на издаване | |
| Страна на създаване/издаване | Франция |
| 260 ## - Област на издателските данни | |
| Място на издаване, разпространение и проч. | София |
| Година на издаване | [1926] |
| 300 ## - Физическа характеристика | |
| Страници | 69 с., 1 л. |
| Илюстрации и др. | портр. |
| Размери/Мащаб | 19 см |
| 380 ## - Жанр | |
| Жанр | Изкуство |
| 490 ## - СЕРИИ (Колекции) | |
| 9 (RLIN) | 201548 |
| Име на серия | Библиотека Музика |
| №: серия | № 3 |
| 501 ## - Забележка „подвързано към” | |
| Забележка: Подвързано към... | Екз. с № 809625 подв. към кн. Рубинщайн, Антон Г. Музиката и нейните представители, 1919 със сигн. 7.190.15157 и инв.№ 613600. |
| 600 14 - Име на лице, използвано като предмет | |
| За него / За нея | Вагнер, Рихард |
| 9 (RLIN) | 44950 |
| 650 #0 - Допълнително описание по предмет – тема | |
| 9 (RLIN) | 248173 |
| Основно описание – тема или топоним | Композитори, немски - биографии |
| 700 ## - Други автори (авторска отговорност) | |
| Лично име | Абаджиев, Никола Атанасов |
| Автороска отговорност (Описва отношението между автора и произведението) | прев. |
| 9 (RLIN) | 302895 |
| 852 ## - Местоположение | |
| Форматна сигнатура | Цб 7.190.15157 |
| 852 ## - Местоположение | |
| Форматна сигнатура | Цб 7.185.7880 |
| Фондова буква | Хранилище |
| 856 4# - Електронен адрес и достъп | |
| Електронен формат | pdf - файл |
| 856 4# - Електронен адрес и достъп | |
| Електронен формат | pdf - файл |
| 999 ## - СИСТЕМНИ КОНТРОЛНИ НОМЕРА | |
| Koha biblionumber | 194477 |
| Koha biblioitemnumber | 194477 |
| 942 ## - АРТИКУЛИ | |
| Вид на библиотечния материал | Книги |
| Скрит в OPAC | Не |
| Периодичен библиозапис | Да |
| 944 ## - СЪЗДАВАНЕ И РЕДАКЦИЯ на ЗАПИСА | |
| Създаване/Редакция | Създаване |
| Дата на регистрацията/редакция | 23.03.2017 |
| Служител, извършил регистрацията/редакцията | |
| Статус, дата на статуса | CRON CRON |
| 944 ## - СЪЗДАВАНЕ И РЕДАКЦИЯ на ЗАПИСА | |
| Създаване/Редакция | Редакция |
| Дата на регистрацията/редакция | 30.03.2017 |
| Служител, извършил регистрацията/редакцията | Пенка_Димитрова |
| 999 ## - СИСТЕМНИ КОНТРОЛНИ НОМЕРА | |
| Koha biblioitemnumber | 194477 |
| 999 ## - СИСТЕМНИ КОНТРОЛНИ НОМЕРА | |
| Koha biblioitemnumber | 194477 |
| 999 ## - СИСТЕМНИ КОНТРОЛНИ НОМЕРА | |
| Koha biblioitemnumber | 194477 |
| Код за отписване | Код за изгубен артикул | Източник на класификационната схема | Код за повреда | Коз за рестрикции | Код за отдаване | Артикулен № | Име на библиотеката - собственик | Име на библиотеката, в която се намира в момента | Статус (Текущо местоположение) | Дата на вписване в системата | Местоположение - отдел | Цена в лева | Инвентарен номер | Систематично азбучна сигнатура | Баркод | Номер на екземпляра | Цена в евро | Служебна бележка | Служебен тип на артикула |
|---|---|---|---|---|---|---|---|---|---|---|---|---|---|---|---|---|---|---|---|
| Изтеглен | Не е изгубен | Universal Decimal Classification | Не е повреден | без рестрикции | ползва се в читалня | 340092 | Регионална библиотека "Любен Каравелов" Русе | Регионална библиотека "Любен Каравелов" Русе | Хранилище | 2017-03-31 | Основен фонд - ползва се само за читалня | 20.00 | 120000809625 | Цб 7.190.15157 | 120000809625 | 1 | 10.23 | Дост: DA Вид: А N: 16 Дата: 31.03.2017 | Книги |
| Не е изгубен | Universal Decimal Classification | Не е повреден | само за читалня | ползва се в читалня | 836835 | Регионална библиотека "Любен Каравелов" Русе | Регионална библиотека "Любен Каравелов" Русе | Хранилище | 2021-06-15 | Основен фонд - ползва се само за читалня | 0.06 | 7880 | Цб 7.185.7880 | 900000064385 | 0.03 | Книги |